Galerie der Volksgeister
| Titel: | Galerie der Volksgeister : zum europäischen Diskurs des 'Nationalepos' im 19. Jahrhundert / Mark-Georg Dehrmann |
|---|---|
| Verfasser: | |
| In: |
Zeitschrift für Germanistik, Band 29, Heft 2 (2019), Seite 282-303 alle Artikel anzeigen |
| Veröffentlicht: | 2019 |
| Format: | Aufsatz |
| Sprache: | Deutsch |
X
alg: 44761694
001A $04504:10-04-19
001B $04505:29-04-19 $t10:01:30.000
001D $04504:10-04-19
001U $0utf8
001X $00
002@ $0Aou
002C $aText $btxt $2rdacontent
002D $aohne Hilfsmittel zu benutzen $bn $2rdamedia
002E $aBand $bnc $2rdacarrier
003@ $0447616943
007A $0447616943 $aHEB
010@ $ager
010E $erda
011@ $a2019
021A $aGalerie der Volksgeister $dzum europäischen Diskurs des 'Nationalepos' im 19. Jahrhundert $hMark-Georg Dehrmann
028A $BVerfasser $4aut $7123465907 $8Dehrmann, Mark-Georg$Z1975- [Tp3] $9154375462
031A $d29 $e2 $h282-303 $j2019
039B $aEnthalten in $8--Abvc--. Zeitschrift für Germanistik. - Bern ; Berlin ; Frankfurt, M. ; Wien {[u.a.] : Lang, 1991-. - ISSN 0323-7982 $x201900000290002718 $9048585297
044K $#Abendland $#Okzident $74015701-5 $8Europa [Tgz] $908503617X
044K $RVersepik $RRomance $#Epic poetry $#Epic poetry History and criticism $#Épopées $#Epik Epos $#Epik im engeren Sinn $#Versepos $#Epen $#Versepen $74015065-3 $8Epos [Ts1] $9085034134
044K $RPraxis $#Theory (Philosophy) $#Théorie (philosophie) $#Theorie $#Theorie $74059787-8 $8Theorie [Tsz] $9085166316
044K $#Nation-state $#Nation $#Nation $#Nation $#Nationalgedanke $#Nationale Frage Nation $#Nationen $74041279-9 $8Nation [Ts1] $9085112968
044K $RNationalbewegung $RNationalbewusstsein $RPatriotismus $#Nationalism $#Nationalisme $#Nacionalismo $#Nationalismus $#Nationalismus $74041300-7 $8Nationalismus [Ts1] $9085113069
044K $74188523-5 $8Volksgeist [Ts1] $9085928003
044K $#Jordan, Wilhelm $#087272253 $74723924-4 $8Jordan, Wilhelm$Z1819-1904 [Tp1]$aNibelunge [Tu1] $9110637267
045T $a7,20 $b7,11
045T $aAVL $qDE-30 $2FID
045T $aGER $qDE-30 $2FID
045V $aJordan, Wilhelm $815.15.00$jZu einzelnen Autoren [Tkx] $9118843672
045W $801.01.01.002$jMittelhochdeutsch [Tkv] $9133070190
045W $801.02.01.001$jAltfranzösisch [Tkv] $9133070565
045W $801.07.17$jTschechisch [Tkv] $9133126447
045W $802.06.02.001.03$jFinnisch [Tkv] $9133096718
045W $803.17.20$jTextsorte$vSprachwandel [Tkv] $9133082547
045W $804.09.06.119$jGenretheorie [Tkv] $9133100456
045W $804.09.06.291$jHeldendichtung [Tkv] $9419616632
045W $803.12.04.021$jSprache und Nationalität [Tkv] $9133123553
045W $803.23.01.015$jManuskriptforschung [Tkv] $9133114414
045W $803.29.23$jLiteraturtheorie [Tkv] $9133114015
045W $805.06.01$jWissenschaftsgeschichte$v19. Jahrhundert [Tkv] $9133070069
045W $805.09.02$jEinzelne Quellentexte [Tkv] $9133757765
lok: 44761694 62
exp: 44761694 62 1 #EPN
201B/01 $010-04-19 $t22:04:45.000
201C/01 $010-04-19
203@/01 $0104987398X
208@/01 $a10-04-19 $be
209A/01 $a/ $f000 $x00
209B/01 $a2019 $x05
247C/01 $8Frankfurt, Bibliographie der Deutschen Sprach- und Literaturwissenschaft $9113214561
201U/01 $0utf8
lok: 44761694 64
101B $029-04-19 $t10:01:30.000
101C $029-04-19
101U $0utf8
144Z/01 $ap @Jordan, Wilhelm
144Z/02 $at @Chanson de Roland (altfranz. Text) = Song of Roland
144Z/03 $at @Nibelungenlied (mhd. Text)
exp: 44761694 64 1 #EPN
201B/01 $029-04-19 $t11:25:19.000
201C/01 $029-04-19
201U/01 $0utf8
203@/01 $01050428994
208@/01 $a29-04-19 $be
209A/01 $a0 $f000 $x00
209B/01 $a45 $x05
247C/01 $8Frankfurt, Bibliographie Linguistischer Literatur $9129368261
lok: 44761694 78
exp: 44761694 78 1 #EPN
201B/01 $004-10-23 $t15:03:37.000
201C/01 $004-10-23
201U/01 $0utf8
203@/01 $01244046604
208@/01 $a04-10-23 $be
209A/01 $a/ $f000 $x00
209A/01 $ab*p $x01
209A/01 $aBetr. auch Böhmen $x03
209A/01 $aDeutsche Zusammenfassung, S. 303; englische Zusammenfassung, S. 303 $x04
209S/01 $uhttps://doi.org/10.3726/92165_282 $XH
220C/01 $apgar
244Z/01 $#Böhmische Kronländer $#Länder der Böhmischen Krone $#Sudetenland $#Böhmen $#Mähren $#Mährisch-Schlesien $#Österreichisch-Schlesien $#Tschechische Sozialistische Republik Böhmische Länder $#Tschechei Böhmische Länder $#Země koruny české $74069573-6 $8--Tg1--Böhmische Länder $x03 $9085195553
244Z/01 $#Electronic publications $#Publications électroniques $#Elektronische Publikation $#Computerdatei Formschlagwort $#Datei Formschlagwort $#Elektronisches Dokument $#Magnetband Formschlagwort $#Magnetbandkassette Formschlagwort $#Elektronische Ressource $#Digitale Publikation $74514269-5 $8--Ts1--Elektronische Publikation $x21 $9089274407
247C/01 $82080>Marburg/Lahn, Herder-Institut, Forschungsbibliothek, Bibliographieportal $9336309341
| LEADER | 00000caa a2200000 c 4500 | ||
|---|---|---|---|
| 001 | 447616943 | ||
| 003 | DE-603 | ||
| 005 | 20190429100130.0 | ||
| 007 | tu | ||
| 008 | 190410s2019 xx |||| | u00||u|ger c | ||
| 035 | |a (DE-599)HEB447616943 | ||
| 040 | |a DE-603 |b ger |c DE-603 |d DE-603 |e rda | ||
| 041 | |a ger | ||
| 084 | |a 7,20 |2 ssgn | ||
| 084 | |a AVL |q DE-30 |2 fid | ||
| 084 | |a GER |q DE-30 |2 fid | ||
| 100 | 1 | |a Dehrmann, Mark-Georg |d 1975- |e Verfasser |4 aut |0 (DE-603)154375462 |0 (DE-588)123465907 |2 gnd | |
| 245 | 0 | 0 | |a Galerie der Volksgeister |b zum europäischen Diskurs des 'Nationalepos' im 19. Jahrhundert |c Mark-Georg Dehrmann |
| 264 | 0 | |c 2019 | |
| 336 | |a Text |b txt |2 rdacontent | ||
| 337 | |a ohne Hilfsmittel zu benutzen |b n |2 rdamedia | ||
| 338 | |a Band |b nc |2 rdacarrier | ||
| 600 | 1 | 7 | |a Jordan, Wilhelm |d 1819-1904 |t Nibelunge |0 (DE-588)4723924-4 |0 (DE-603)110637267 |2 gnd |
| 650 | 7 | |a Epos |0 (DE-588)4015065-3 |0 (DE-603)085034134 |2 gnd | |
| 650 | 7 | |a Theorie |0 (DE-588)4059787-8 |0 (DE-603)085166316 |2 gnd | |
| 650 | 7 | |a Nation |0 (DE-588)4041279-9 |0 (DE-603)085112968 |2 gnd | |
| 650 | 7 | |a Nationalismus |0 (DE-588)4041300-7 |0 (DE-603)085113069 |2 gnd | |
| 650 | 7 | |a Volksgeist |0 (DE-588)4188523-5 |0 (DE-603)085928003 |2 gnd | |
| 651 | 7 | |a Europa |0 (DE-588)4015701-5 |0 (DE-603)08503617X |2 gnd | |
| 773 | 0 | 8 | |i Enthalten in |t Zeitschrift für Germanistik |d Bern ; Berlin ; Frankfurt, M. ; Wien [u.a.] : Lang, 1991- |x 0323-7982 |g Band 29, Heft 2 (2019), Seite 282-303 |w (DE-603)048585297 |w (DE-600)1081091-2 |
| 924 | 0 | |9 603 |a (DE-603)104987398X |b DE-603 |c HES |d d | |
| 924 | 0 | |9 603 |a (DE-603)1050428994 |b DE-603 |c HES |d d | |
| 924 | 0 | |9 2080 |a (DE-603)1244046604 |b DE-2080 |c HES |d d |g / |k https://doi.org/10.3726/92165_282 | |


